000 01462naa a22004337a 4500
001 BR7603154
003 BR-BrBNA
005 20240918173852.0
007 ta
008 230509b bl.||||| |||| 00| 0 por d
040 _aBR-BrBNA
_bpor
_cBiblioteca Nacional de Agricultura
041 _a(Pt)
072 _aF24; F23
_b/G514
090 _aF24 BR7603154
100 1 _aCorrea, P.R.S.
100 1 _aPeres, R.N.
100 1 _aSouza, L.F.P. de
100 1 _aViana, C.D.B.
100 1 _aNeves Filho, J.P.
100 1 _aAraujo, J.V.
100 1 _aFaustino Neto, M.
100 1 _aYamazaki, D.R.
100 1 _aSerruya, N.M.
100 1 _aSoares, A.F.
100 1 _aRoessing, H.
100 1 _aRosatelli, J.S.
111 1 _a15. Congresso Brasileiro de Ciencia do Solo
_cCampinas, SP (Brazil)
_d14 Jul 1975
245 1 _aLevantamento exploratorio de solos de parte do Territorio Federal de Roraima e parte do estado do Amazonas [Brasil]
260 3 _aCampinas, SP (Brasil):
_c1976.
500 _aAnais do 15. Congresso Brasileiro de Ciencia do Solo Campinas, SP (Brasil): 1976. p. 317-320 (BR7603154-AM)F24
650 _aFISIOGRAFIA
650 _aLEVANTAMENTO FISIOGRAFICO
650 _aPERFIL DO SOLO
650 _aRORAIMA
650 _aAMAZONAS
773 0 _tAnais do 15. Congresso Brasileiro de Ciencia do Solo
_wF24 BR7603154
_gCampinas, SP (Brasil), 1976. p. 317-320
909 _a202404
_bLucia
_c55
_dLucia Elande
942 _cAM
_2AGRIS
999 _c307383
_d307383